000 00892nam a22002897a 4500
001 BR2013002710
003 BR-BrBNA
005 20230928104153.0
007 ta
008 230509b bl.||||| |||| 00| 0 por d
040 _aBR-BrBNA
_bpor
_cBiblioteca Nacional de Agricultura
041 _a(Por)
072 _aF01
_b1500
090 _ 1500 BR2013002710
110 1 _aMinistério da Agricultura, Pecuária e Abastecimento, Brasília, DF (Brasil). Secretaria de Desenvolvimento Agropecuário e Cooperativismo
245 1 _aHortaliças não convencionais (Hortaliças tradicionais)
_bBancos Comunitários
250 1 _a2. ed.
260 3 _aBrasília, DF (Brasil):
_c2013.
300 _a15 p.
500 _a11 illus.; 3 tables
650 _aHORTICULTURA
650 _aHORTALIÇA
650 _aPLANTIO
650 _aCONSUMO
909 _a202309
_bLucia
_c55
_dLucia Elande
942 _cBK
999 _c78495
_d78495